00450nam a2200157Ia 4500008004100000020001400041082001700055100002300072245004900095250000700144260004500151300002900196500001900225600003300244650001500277240925s9999 xx 000 0 und d a131992759 a808.0666 BOR aBorowick ,Jerome N 0aTechnical Communication and its Applications aNA aNew Jersey:bPrintice- Hall Int.c,1996. aviii.280p.bNAfOriginal aIncludes Index aHumanities & Natural Science aLiterature